| 000 | 00336nam a22001097a 4500 | ||
|---|---|---|---|
| 082 |
_a388.049 _bNAT _cD |
||
| 110 |
_aNational Academy of Sciences USA _938579 |
||
| 245 | _aTransportation programming Economic analysis and evaluation of energy constraints | ||
| 260 | _aUSA | ||
| 526 |
_a0 _b0 _c0 _d388_049000000000000_NAT |
||
| 942 |
_2ddc _cBK |
||
| 999 |
_c543206 _d543206 |
||